| 000 | 00784cam a2200265 a 4500 | ||
|---|---|---|---|
| 999 |
_c43948 _d43948 |
||
| 001 | 1478779 | ||
| 005 | 20181002141221.0 | ||
| 008 | 871021t19881987nyu 000 0aeng | ||
| 010 | _a 87029204 | ||
| 020 | _a0140094296 | ||
| 040 |
_aDLC _cDLC _dDLC |
||
| 043 | _au-at--- | ||
| 100 | 1 |
_aChatwin, Bruce, _d1940-1989. |
|
| 245 | 1 | 4 |
_aThe songlines / _cBruce Chatwin. |
| 260 |
_aNew York, N.Y., U.S.A. : _bPenguin Books, _cc1988. |
||
| 300 |
_a295 p. ; _c20 cm. |
||
| 336 | _atext | ||
| 337 | _aunmediated | ||
| 338 | _avolume | ||
| 600 | 1 | 0 |
_aChatwin, Bruce, _d1940-1989 _xTravel _zAustralia. |
| 650 | 0 |
_aAboriginal Australians _xSocial life and customs. |
|
| 651 | 0 |
_aAustralia _xDescription and travel. |
|
| 651 | 0 |
_aAustralia _xSocial life and customs. |
|
| 942 |
_2lcc _cBK |
||